| 000 | 00334nam a22001337a 4500 | ||
|---|---|---|---|
| 082 |
_a894.812 _bBYR/M |
||
| 100 | _aBYRE, RHONDA | ||
| 245 | _aMANTHRIKAM (MALAYALAM) | ||
| 246 |
_aMANTHRIKAM (MALAYALAM) _bMANTHRIKAM (MALAYALAM) |
||
| 260 |
_aNOIDA _bMANJUL _c2023 |
||
| 300 | _a280 | ||
| 650 | _aMALAYALAM PSYCOLOGICAL BOOK | ||
| 942 | _cBK | ||
| 999 |
_c9020 _d9020 |
||